| 000 | 00399nam a2200169Ia 4500 | ||
|---|---|---|---|
| 008 | 221030s9999 xx 000 0 und d | ||
| 020 | _a0070445338 | ||
| 041 | _aEnglish | ||
| 082 |
_a105.23 _bSko |
||
| 100 | _aM. I. Skolnik | ||
| 245 | 0 |
_aIntroduction to Radar Systems _cby M. I. Skolnik |
|
| 250 | _a3rd | ||
| 260 |
_bUBS Pub _aNew Delhi _c2004 |
||
| 300 | _a772 | ||
| 650 | _aECE | ||
| 942 | _cBK | ||
| 999 |
_c4117 _d4117 |
||